| 000 | 00484nam a22001817a 4500 | ||
|---|---|---|---|
| 003 | CEME | ||
| 005 | 20210628202436.0 | ||
| 008 | 210204b xxu||||| |||| 00| 0 eng d | ||
| 020 | _a81-7656-449-4 | ||
| 040 | _c. | ||
| 082 | _a621.3815 BER | ||
| 100 |
_aBergquist, Carl.J _959922 |
||
| 245 | _aIntegrated circuit projects, fun for the electronics hobbyist and technician | ||
| 260 |
_aNEW DELHI _bBPB _c2002 |
||
| 300 | _a212P | ||
| 650 |
_aIC PROJECTS _959923 |
||
| 942 |
_cBK _2ddc |
||
| 999 |
_c569786 _d569786 |
||